[Event "Biel ATO op 54th"]
[Site "Biel"]
[Date "2021.08.06"]
[Round "9"]
[White "Sleurs, Juliette"]
[Black "Meyer, Prosper"]
[Result "0-1"]
[WhiteElo "1817"]
[BlackElo "1926"]
[PlyCount "86"]
[EventDate "2021.07.26"]
[EventType "swiss"]
[EventRounds "9"]
[EventCountry "SUI"]
[SourceTitle "EXT 2022"]
[Source "ChessBase"]
[SourceDate "2021.10.06"]
[SourceVersion "1"]
[SourceVersionDate "2021.10.06"]
[SourceQuality "1"]

1. Nf3 f5 2. g3 Nf6 3. Bg2 e6 4. 0-0 Be7 5. d4 0-0 6. c4 d6 7. b3 Ne4 8. Bb2 Nd7 9. Nc3 Ndf6 10. Nd2 Nxc3 11. Bxc3 Qe8 12. e4 Qg6 13. Qe2 c6 14. exf5 Qxf5 15. Ne4 d5 16. Nxf6+ Rxf6 17. Rac1 Bd7 18. Qc2 Qh5 19. Qd1 Qf7 20. Rc2 Rf8 21. Qe1 Bd6 22. Bb4 Bxb4 23. Qxb4 Bc8 24. Qc5 Qh5 25. Bh1 Rh6 26. f3 a6 27. Qd6 Rhf6 28. Qe5 Qg6 29. Rfc1 Rf5 30. Qd6 h5 31. b4 Qg5 32. Re1 Qg6 33. Rec1 h4 34. b5 hxg3 35. hxg3 Qg5 36. Re1 Rf4 37. g4 Qh4 38. Rf1 Qf6 39. bxc6 Qxd4+ 40. Rcf2 bxc6 41. c5 e5 42. Kh2 R4f6 43. Qc7 Bxg4 0-1

[Event "EU-ch Online U16 Girls"]
[Site "Tornelo INT"]
[Date "2020.09.20"]
[Round "7"]
[White "Sleurs, Juliette"]
[Black "Tsotsonava, Elene"]
[Result "1-0"]
[WhiteElo "1817"]
[BlackElo "1687"]
[PlyCount "97"]
[EventDate "2020.09.18"]
[EventType "swiss (rapid)"]
[EventRounds "9"]
[EventCountry "NET"]
[SourceTitle "EXT 2023"]
[Source "ChessBase"]
[SourceDate "2022.10.05"]
[SourceVersion "1"]
[SourceVersionDate "2022.10.05"]
[SourceQuality "1"]
[WhiteTeam "Belgien"]
[BlackTeam "Georgia"]
[WhiteTeamCountry "BEL"]
[BlackTeamCountry "GEO"]

1. Nf3 d5 2. g3 c6 3. Bg2 Bg4 4. 0-0 Nd7 5. d3 e5 6. h3 Bh5 7. e4 d4 8. Nbd2 Ngf6 9. g4 Bg6 10. Nc4 Qc7 11. a4 b5 12. Ncd2 Bd6 13. Nh4 0-0 14. Nf5 Bxf5 15. exf5 Rac8 16. Kh1 Nc5 17. b3 Rfe8 18. g5 Nfd7 19. Qg4 f6 20. Ne4 Nxe4 21. Bxe4 Bf8 22. h4 Kh8 23. Rg1 bxa4 24. Rxa4 Nc5 25. Ra2 Nxe4 26. Qxe4 fxg5 27. hxg5 c5 28. Kg2 Qc6 29. Qxc6 Rxc6 30. Rxa7 h6 31. Rh1 Kg8 32. gxh6 gxh6 33. Kf3 Rf6 34. Ke4 Kh8 35. Bd2 Bg7 36. Rg1 Bf8 37. f3 Bd6 38. Rh1 Bf8 39. Be1 Bg7 40. Rg1 Rg8 41. Bh4 Rff8 42. Be7 Ra8 43. Rxa8 Rxa8 44. f6 Bf8 45. Bxf8 Rxf8 46. Kxe5 Re8+ 47. Kd6 Re3 48. f7 Rxf3 49. Rg8+ 1-0

[Event "EU-ch Online U16 Girls"]
[Site "Tornelo INT"]
[Date "2020.09.19"]
[Round "4"]
[White "Djordjevic, Nevena"]
[Black "Sleurs, Juliette"]
[Result "0-1"]
[WhiteElo "1735"]
[BlackElo "1817"]
[PlyCount "72"]
[EventDate "2020.09.18"]
[EventType "swiss (rapid)"]
[EventRounds "9"]
[EventCountry "NET"]
[SourceTitle "EXT 2023"]
[Source "ChessBase"]
[SourceDate "2022.10.05"]
[SourceVersion "1"]
[SourceVersionDate "2022.10.05"]
[SourceQuality "1"]
[WhiteTeam "Serbia"]
[BlackTeam "Belgien"]
[WhiteTeamCountry "SRB"]
[BlackTeamCountry "BEL"]

1. d4 d5 2. c4 c6 3. cxd5 cxd5 4. Nc3 Nc6 5. Bf4 Nf6 6. e3 Bg4 7. Nge2 e6 8. f3 Bf5 9. Ng3 Bg6 10. Bb5 Qb6 11. Qe2 Bb4 12. 0-0 Bxc3 13. bxc3 0-0 14. c4 dxc4 15. Bxc4 Rac8 16. Rac1 h6 17. Rfd1 Rfd8 18. Nf1 Nd5 19. Bg3 a6 20. Bf2 Qa5 21. Nd2 Nc3 22. Rxc3 Qxc3 23. Nb3 Nxd4 24. Nxd4 Qxc4 25. Qxc4 Rxc4 26. Re1 e5 27. Nb3 Rc2 28. Ra1 f6 29. e4 Bf7 30. Na5 Rdd2 31. Rf1 Rxa2 32. Nxb7 Bc4 33. Rc1 Rxf2 34. Rxc4 Rxg2+ 35. Kf1 Rxh2 36. Kg1 Rhb2 0-1

[Event "EU-ch Online U16 Girls"]
[Site "Tornelo INT"]
[Date "2020.09.18"]
[Round "1"]
[White "Sleurs, Juliette"]
[Black "Stadlinger, Lea"]
[Result "1/2-1/2"]
[WhiteElo "1817"]
[BlackElo "1469"]
[PlyCount "28"]
[EventDate "2020.09.18"]
[EventType "swiss (rapid)"]
[EventRounds "9"]
[EventCountry "NET"]
[SourceTitle "EXT 2023"]
[Source "ChessBase"]
[SourceDate "2022.10.05"]
[SourceVersion "1"]
[SourceVersionDate "2022.10.05"]
[SourceQuality "1"]
[WhiteTeam "Belgien"]
[BlackTeam "Austria"]
[WhiteTeamCountry "BEL"]
[BlackTeamCountry "AUT"]

1. Nf3 Nf6 2. g3 g6 3. Bg2 Bg7 4. d4 d6 5. 0-0 0-0 6. b3 Nbd7 7. Bb2 e5 8. e3 e4 9. Nfd2 d5 10. c4 c6 11. Nc3 Re8 12. Rc1 Nf8 13. cxd5 cxd5 14. b4 a6 1/2-1/2

[Event "EU-ch U16 Girls"]
[Site "Bratislava"]
[Date "2019.08.08"]
[Round "7"]
[White "Sleurs, Juliette"]
[Black "Ilyina, Lada"]
[Result "1/2-1/2"]
[WhiteElo "1834"]
[BlackElo "2048"]
[PlyCount "72"]
[EventDate "2019.08.02"]
[EventType "swiss"]
[EventRounds "9"]
[EventCountry "SVK"]
[SourceTitle "CBM 191 Extra"]
[Source "ChessBase"]
[SourceDate "2019.09.30"]
[SourceVersion "1"]
[SourceVersionDate "2019.09.30"]
[SourceQuality "1"]

1. e4 e6 2. d3 d5 3. Nd2 Nf6 4. Ngf3 c5 5. g3 Nc6 6. Bg2 Be7 7. 0-0 b6 8. Re1 Bb7 9. e5 Nd7 10. c4 d4 11. Ne4 Ncxe5 12. Nxe5 Nxe5 13. Nxc5 Bxg2 14. Kxg2 bxc5 15. Rxe5 Qc7 16. Re4 0-0 17. b3 Qc6 18. Qf3 a5 19. Rb1 Rfd8 20. Re2 Qxf3+ 21. Kxf3 Rdb8 22. Reb2 Bd6 23. Bd2 f5 24. a3 Kf7 25. b4 axb4 26. axb4 cxb4 27. Bxb4 Bxb4 28. Rxb4 Rxb4 29. Rxb4 Ra3 30. Rb7+ Kf6 31. Rd7 e5 32. Ke2 Ra2+ 33. Ke1 h6 34. h4 Ra1+ 35. Ke2 Ra2+ 36. Ke1 Ra1+ 1/2-1/2

[Event "Wch U14 Girls"]
[Site "Porto Carras"]
[Date "2018.10.26"]
[Round "7"]
[White "Djordjevic, Nevena"]
[Black "Sleurs, Juliette"]
[Result "0-1"]
[WhiteElo "1704"]
[BlackElo "1812"]
[PlyCount "88"]
[EventDate "2018.10.20"]
[EventType "swiss"]
[EventRounds "11"]
[EventCountry "GRE"]
[SourceTitle "CBM 187 Extra"]
[Source "ChessBase"]
[SourceDate "2018.11.04"]
[SourceVersion "1"]
[SourceVersionDate "2018.11.04"]
[SourceQuality "1"]

1. d4 d5 2. c4 c6 3. cxd5 cxd5 4. Nc3 Nc6 5. Bf4 e5 6. dxe5 d4 7. Ne4 Qa5+ 8. Bd2 Qxe5 9. Ng3 Nf6 10. Nf3 Qd5 11. e3 dxe3 12. Bxe3 Bb4+ 13. Bd2 0-0 14. Be2 Be6 15. 0-0 Rfd8 16. Be3 Qxa2 17. Qxd8+ Rxd8 18. Rxa2 Bxa2 19. Bxa7 Nxa7 20. Ra1 Bd5 21. Rxa7 Bc5 22. Ra1 Ng4 23. Rf1 b6 24. h3 Bxf3 25. Bxf3 Nxf2 26. Rxf2 Rd2 27. Ne4 Bxf2+ 28. Nxf2 Rxb2 29. Kf1 Rc2 30. Be4 Rc8 31. Ke2 Kf8 32. Kd2 Ke7 33. Nd3 g6 34. g4 Kf6 35. h4 h6 36. Ke3 b5 37. Kd4 Rc4+ 38. Kd5 Rc2 39. h5 gxh5 40. gxh5 Kg5 41. Ke5 f6+ 42. Ke6 f5 43. Bxf5 Re2+ 44. Ne5 Kf4 0-1

[Event "Wch U14 Girls"]
[Site "Porto Carras"]
[Date "2018.10.22"]
[Round "4"]
[White "Sleurs, Juliette"]
[Black "Toncheva, Nadya"]
[Result "1-0"]
[WhiteElo "1812"]
[BlackElo "2002"]
[PlyCount "107"]
[EventDate "2018.10.20"]
[EventType "swiss"]
[EventRounds "11"]
[EventCountry "GRE"]
[SourceTitle "CBM 187 Extra"]
[Source "ChessBase"]
[SourceDate "2018.11.04"]
[SourceVersion "1"]
[SourceVersionDate "2018.11.04"]
[SourceQuality "1"]

1. e4 c5 2. Nf3 Nc6 3. Bb5 e6 4. Bxc6 bxc6 5. 0-0 d5 6. d3 Bd6 7. c4 Ne7 8. Nc3 0-0 9. e5 Bc7 10. Bg5 h6 11. Bh4 Qe8 12. Na4 Nf5 13. Re1 Rb8 14. Qc2 Ba5 15. Rec1 d4 16. Nxc5 Bc7 17. Bg3 Nxg3 18. hxg3 Qe7 19. Ne4 c5 20. a3 a5 21. Ned2 Bd7 22. a4 Bc6 23. Re1 Rb4 24. b3 Rfb8 25. Rab1 Qf8 26. Qd1 R8b7 27. Nh4 g5 28. Nhf3 Qb8 29. Ra1 Kh7 30. Qe2 Kg7 31. g4 Qh8 32. Nh2 Kg6 33. Nhf1 h5 34. gxh5+ Qxh5 35. Qxh5+ Kxh5 36. Ng3+ Kg6 37. Nge4 Bxe4 38. Nxe4 Bb6 39. Rab1 Rd7 40. g3 Ba7 41. Kg2 Rb8 42. f4 gxf4 43. gxf4 Rdb7 44. Nd2 Rh8 45. Rh1 Rbb8 46. Kf3 Rxh1 47. Rxh1 Kg7 48. Ke4 Rh8 49. Rxh8 Kxh8 50. f5 Kg7 51. Kf4 Bb6 52. Ne4 Ba7 53. fxe6 fxe6 54. Ng5 1-0

[Event "Wch U14 Girls"]
[Site "Porto Carras"]
[Date "2018.10.21"]
[Round "3"]
[White "Guillo Longares, Cecilia"]
[Black "Sleurs, Juliette"]
[Result "1/2-1/2"]
[WhiteElo "1998"]
[BlackElo "1812"]
[PlyCount "108"]
[EventDate "2018.10.20"]
[EventType "swiss"]
[EventRounds "11"]
[EventCountry "GRE"]
[SourceTitle "CBM 187 Extra"]
[Source "ChessBase"]
[SourceDate "2018.11.04"]
[SourceVersion "1"]
[SourceVersionDate "2018.11.04"]
[SourceQuality "1"]

1. d4 d5 2. c4 c6 3. Nc3 Nf6 4. Nf3 e6 5. cxd5 exd5 6. Bg5 Bf5 7. e3 Nbd7 8. Bd3 Bxd3 9. Qxd3 Bd6 10. 0-0 0-0 11. Rab1 h6 12. Bh4 a5 13. a3 a4 14. Qc2 Qa5 15. Nd2 Rfe8 16. Rbe1 Ng4 17. Bg3 Bxg3 18. hxg3 Ngf6 19. f3 Qa7 20. Kf2 Nb6 21. Rh1 Nc4 22. Nxc4 dxc4 23. Qf5 b5 24. g4 Qd7 25. Qf4 Nd5 26. Nxd5 Qxd5 27. Rh5 Qe6 28. Re5 Qg6 29. Rf5 Rad8 30. g5 Rd5 31. Rxd5 cxd5 32. gxh6 Qxh6 33. Qxh6 gxh6 34. Ke2 f5 35. Kd2 Kf7 36. Kc3 Rg8 37. Re2 Ke6 38. Kb4 Rb8 39. Kc5 b4 40. axb4 Rc8+ 41. Kb5 Ra8 42. e4 fxe4 43. fxe4 a3 44. bxa3 c3 45. e5 Rc8 46. Rc2 Kf5 47. Ka4 Ke4 48. Kb3 Kxd4 49. e6 Kd3 50. e7 d4 51. Rc1 Kd2 52. Rc2+ Kd3 53. Rc1 Kd2 54. Rc2+ Kd3 1/2-1/2

[Event "EU-ch U14 Girls 28th"]
[Site "Riga"]
[Date "2018.08.22"]
[Round "3.4"]
[White "Sleurs, Juliette"]
[Black "Mironenko, Galina"]
[Result "1/2-1/2"]
[WhiteElo "1870"]
[BlackElo "1998"]
[PlyCount "87"]
[EventDate "2018.08.20"]
[EventType "swiss"]
[EventRounds "9"]
[EventCountry "LAT"]
[SourceTitle "CBM 186 Extra"]
[Source "ChessBase"]
[SourceDate "2018.08.24"]
[SourceVersion "1"]
[SourceVersionDate "2018.08.24"]
[SourceQuality "1"]

1. e4 g6 2. d4 Bg7 3. Nc3 d6 4. Nf3 a6 5. h3 b5 6. Bd3 Nd7 7. 0-0 Bb7 8. a4 b4 9. Ne2 e6 10. Bd2 c5 11. c3 bxc3 12. Bxc3 Ngf6 13. Ng3 0-0 14. b4 cxd4 15. Bxd4 e5 16. Be3 d5 17. exd5 Nxd5 18. Bg5 Qe8 19. Ne4 Qe6 20. Bc4 h6 21. Be7 Qxe7 22. Bxd5 Bxd5 23. Qxd5 Qxb4 24. Rfb1 Qe7 25. Rb7 Nf6 26. Nxf6+ Qxf6 27. Re1 Rfe8 28. a5 Rad8 29. Qe4 Rd6 30. Qa4 Rde6 31. Rb6 Rd8 32. Rxe5 Rxb6 33. axb6 Qxb6 34. Re8+ Rxe8 35. Qxe8+ Bf8 36. Ne5 Qf6 37. Nd7 Qe7 38. Qc8 a5 39. Kf1 a4 40. Qc6 a3 41. Nf6+ Kh8 42. Nd5 a2 43. Qc3+ Bg7 44. Qa5 1/2-1/2

[Event "EU-ch U14 Girls 28th"]
[Site "Riga"]
[Date "2018.08.21"]
[Round "2"]
[White "Kovtun, Tatyana"]
[Black "Sleurs, Juliette"]
[Result "0-1"]
[WhiteElo "1508"]
[BlackElo "1870"]
[PlyCount "78"]
[EventDate "2018.08.20"]
[EventType "swiss"]
[EventRounds "9"]
[EventCountry "LAT"]
[SourceTitle "CBM 186 Extra"]
[Source "ChessBase"]
[SourceDate "2018.08.24"]
[SourceVersion "1"]
[SourceVersionDate "2018.08.24"]
[SourceQuality "1"]

1. e4 e5 2. Nf3 Nc6 3. Bc4 Bc5 4. c3 Nf6 5. d4 exd4 6. e5 d5 7. Bb5 Ne4 8. cxd4 Bb6 9. Nc3 0-0 10. Be3 Nxc3 11. bxc3 Bd7 12. Bd3 h6 13. Bc2 Ne7 14. h4 Bf5 15. h5 Qd7 16. Bxf5 Qxf5 17. Rh4 Rae8 18. g4 Qe6 19. Qd2 f6 20. 0-0-0 Nc6 21. exf6 Rxf6 22. Nh2 Na5 23. g5 Nc4 24. Qd3 hxg5 25. Bxg5 Rxf2 26. Bd2 Rxd2 27. Rxd2 Qe1+ 28. Rd1 Qxh4 29. Nf3 Qf4+ 30. Nd2 Nxd2 31. Rxd2 Re1+ 32. Kb2 Qe3 33. Qc2 Qe8 34. Rh2 Qb5+ 35. Ka3 Rb1 36. h6 Bc5+ 37. dxc5 Qxc5+ 38. Ka4 b5+ 39. Ka5 Qb6# 0-1

[Event "Wch U14 Girls"]
[Site "Montevideo"]
[Date "2017.09.18"]
[Round "2"]
[White "Bulatova, Kamaliya"]
[Black "Sleurs, Juliette"]
[Result "1-0"]
[WhiteElo "2014"]
[BlackElo "1697"]
[PlyCount "43"]
[EventDate "2017.09.17"]
[EventType "swiss"]
[EventRounds "11"]
[EventCountry "URU"]
[SourceTitle "CBM 180 Extra"]
[Source "ChessBase"]
[SourceDate "2017.10.06"]
[SourceVersion "1"]
[SourceVersionDate "2017.10.06"]
[SourceQuality "1"]

1. d4 d5 2. Bf4 Nf6 3. e3 e6 4. Nf3 c5 5. c3 Nc6 6. Nbd2 Bd6 7. Bg3 0-0 8. Bd3 b6 9. Qe2 cxd4 10. exd4 Qc7 11. Ne5 Bb7 12. 0-0 Rac8 13. Rfe1 Rfd8 14. Bh4 Be7 15. Ndf3 Na5 16. Nxf7 Kxf7 17. Ng5+ Kg8 18. Qxe6+ Kh8 19. Nf7+ Kg8 20. Nh6+ Kh8 21. Qg8+ Rxg8 22. Nf7# 1-0

[Event "EU Union-ch U14 15th"]
[Site "Mureck"]
[Date "2017.08.10"]
[Round "9"]
[White "Sleurs, Juliette"]
[Black "Strobl, Samuel"]
[Result "1-0"]
[WhiteElo "1753"]
[BlackElo "1519"]
[PlyCount "91"]
[EventDate "2017.08.02"]
[EventType "swiss"]
[EventRounds "9"]
[EventCountry "AUT"]
[SourceTitle "CBM 180 Extra"]
[Source "ChessBase"]
[SourceDate "2017.10.06"]
[SourceVersion "1"]
[SourceVersionDate "2017.10.06"]
[SourceQuality "1"]

1. Nf3 Nf6 2. g3 g6 3. b3 Bg7 4. Bb2 0-0 5. Bg2 c5 6. 0-0 Nc6 7. c4 d6 8. d3 Bd7 9. Nc3 Qc8 10. Re1 Bh3 11. Bh1 h6 12. d4 cxd4 13. Nxd4 Nxd4 14. Qxd4 Ng4 15. Qe4 Qc5 16. e3 Rab8 17. Qxe7 g5 18. Qe4 Qa5 19. Qc2 f5 20. Nd5 Bxb2 21. Qxb2 Rbe8 22. Qd4 Rf7 23. Bf3 Ref8 24. Bg2 Bxg2 25. Kxg2 Qd8 26. f4 gxf4 27. exf4 h5 28. Qxa7 h4 29. Qb6 Qa8 30. Qxd6 b5 31. Kg1 Qa7+ 32. Qb6 Qxb6+ 33. Nxb6 hxg3 34. hxg3 Rh7 35. Nd5 Rh2 36. Ne3 Rb2 37. Nxg4 fxg4 38. Rf1 Rd2 39. Rf2 Rd6 40. c5 Rd3 41. Kg2 Re8 42. Rc1 Ree3 43. Kg1 Rxg3+ 44. Rg2 Rh3 45. c6 g3 46. c7 1-0

[Event "Wch U12 Girls"]
[Site "Batumi"]
[Date "2016.10.29"]
[Round "10"]
[White "Sleurs, Juliette"]
[Black "Donghvani, Nia"]
[Result "0-1"]
[WhiteElo "1744"]
[BlackElo "1628"]
[PlyCount "52"]
[EventDate "2016.10.19"]
[EventType "swiss"]
[EventRounds "11"]
[EventCountry "GEO"]
[SourceTitle "EXT 2018"]
[Source "ChessBase"]
[SourceDate "2017.10.13"]
[SourceVersion "1"]
[SourceVersionDate "2017.10.13"]
[SourceQuality "1"]

1. Nf3 c5 2. g3 g6 3. Bg2 Bg7 4. 0-0 e5 5. e4 Nc6 6. d3 Nge7 7. c3 d5 8. exd5 Nxd5 9. Re1 0-0 10. Nbd2 Re8 11. Nc4 Bf5 12. Nh4 Be6 13. Nf3 f6 14. a4 Qd7 15. Nfd2 f5 16. Nf3 Bf7 17. Ng5 Rad8 18. Nxf7 Qxf7 19. a5 e4 20. Bg5 Nxc3 21. Qc1 Rxd3 22. Bf1 Qxc4 23. Bxd3 Qxd3 24. bxc3 Qxc3 25. Re3 Qxa1 26. Qxa1 Bxa1 0-1

[Event "Wch U12 Girls"]
[Site "Batumi"]
[Date "2016.10.27"]
[Round "8"]
[White "Sleurs, Juliette"]
[Black "Desai, Nilomi"]
[Result "1/2-1/2"]
[WhiteElo "1744"]
[BlackElo "1524"]
[PlyCount "38"]
[EventDate "2016.10.19"]
[EventType "swiss"]
[EventRounds "11"]
[EventCountry "GEO"]
[SourceTitle "EXT 2018"]
[Source "ChessBase"]
[SourceDate "2017.10.13"]
[SourceVersion "1"]
[SourceVersionDate "2017.10.13"]
[SourceQuality "1"]

1. Nf3 c6 2. g3 d5 3. Bg2 Bg4 4. 0-0 Nd7 5. d3 e5 6. h3 Bh5 7. Nbd2 Bd6 8. e4 Ne7 9. g4 Bg6 10. Nh4 0-0 11. Nf5 Bxf5 12. exf5 a5 13. Nf3 Qe8 14. h4 Rc8 15. h5 b5 16. Nh4 a4 17. g5 Kh8 18. Qg4 f6 19. h6 Rg8 1/2-1/2

[Event "Wch U12 Girls"]
[Site "Batumi"]
[Date "2016.10.21"]
[Round "3"]
[White "Feller, Gabriela Luisa Vice"]
[Black "Sleurs, Juliette"]
[Result "1/2-1/2"]
[WhiteElo "1493"]
[BlackElo "1744"]
[PlyCount "154"]
[EventDate "2016.10.19"]
[EventType "swiss"]
[EventRounds "11"]
[EventCountry "GEO"]
[SourceTitle "EXT 2018"]
[Source "ChessBase"]
[SourceDate "2017.10.13"]
[SourceVersion "1"]
[SourceVersionDate "2017.10.13"]
[SourceQuality "1"]

1. d4 d5 2. c4 c6 3. Nc3 Nf6 4. Nf3 e6 5. e3 Nbd7 6. Bd3 dxc4 7. Bxc4 b5 8. Bd3 Bd6 9. 0-0 0-0 10. Qc2 Bb7 11. e4 e5 12. Bg5 exd4 13. Nxd4 Qc7 14. h3 b4 15. Nce2 Rfe8 16. Nf5 Bf8 17. f3 Qb6+ 18. Kh1 c5 19. Rac1 Ne5 20. Rfd1 Rec8 21. Bc4 Nxc4 22. Qxc4 h6 23. Be3 a5 24. e5 Ba6 25. Qc2 Nh7 26. Nf4 Qc6 27. Nd6 Bxd6 28. Rxd6 Qb5 29. Nd5 Ra7 30. Rb6 Qd7 31. Rd1 Qe8 32. Bxh6 Qxe5 33. Bf4 Qe2 34. Qxe2 Bxe2 35. Re1 Rd8 36. Rxe2 Rxd5 37. Re8+ Nf8 38. Rbb8 Kh7 39. Rxf8 Rd1+ 40. Kh2 Rb1 41. Be3 Rxb2 42. Bxc5 Rc7 43. Rbc8 Rxc8 44. Rxc8 Rxa2 45. Ra8 b3 46. Rb8 a4 47. Bd4 Rd2 48. Bc3 Rc2 49. Bd4 Rd2 50. Rb4 Ra2 51. Kg3 Kg6 52. h4 f6 53. Kh3 Kf5 54. g3 Ke6 55. Kg4 Kd5 56. f4 a3 57. Bxf6 gxf6 58. Rxb3 Kc4 59. Rb6 Re2 60. Rxf6 Kb5 61. Rf8 Re4 62. Rb8+ Ka4 63. Ra8+ Kb3 64. Rxa3+ Kxa3 65. Kg5 Re8 66. h5 Rg8+ 67. Kh4 Kb4 68. f5 Kc5 69. g4 Kd6 70. h6 Ke5 71. Kh5 Kf6 72. h7 Rh8 73. Kh6 Ra8 74. g5+ Kxf5 75. g6 Ra1 76. Kg7 Ra7+ 77. Kh6 Ra1 1/2-1/2

[Event "EU-ch U12 Girls 26th"]
[Site "Prague"]
[Date "2016.08.22"]
[Round "5"]
[White "Sleurs, Juliette"]
[Black "Toncheva, Nadya"]
[Result "1-0"]
[WhiteElo "1479"]
[BlackElo "1689"]
[PlyCount "75"]
[EventDate "2016.08.18"]
[EventType "swiss"]
[EventRounds "9"]
[EventCountry "CZE"]
[SourceTitle "CBM 174 Extra"]
[Source "ChessBase"]
[SourceDate "2016.10.10"]
[SourceVersion "1"]
[SourceVersionDate "2016.10.10"]
[SourceQuality "1"]

1. Nf3 d5 2. g3 c6 3. Bg2 Nf6 4. 0-0 Bf5 5. d3 h6 6. Nbd2 e6 7. b3 Be7 8. Bb2 0-0 9. c4 Nbd7 10. Rc1 Qc7 11. Rc2 Rad8 12. Qa1 c5 13. cxd5 exd5 14. Rfc1 Rfe8 15. Ne5 Nxe5 16. Bxe5 Qc6 17. Bd4 b6 18. b4 c4 19. Nxc4 Qe6 20. Ne5 Rc8 21. Nc6 Bf8 22. Bxf6 gxf6 23. Qd4 h5 24. Qxd5 Qxd5 25. Bxd5 Rc7 26. Bf3 Bh6 27. Rb1 Rec8 28. b5 Kh8 29. Bxh5 a6 30. bxa6 Bd7 31. Rxb6 Bxc6 32. a7 Kg7 33. Rbxc6 Rxc6 34. Rxc6 Ra8 35. Ra6 Bd2 36. Bf3 Rc8 37. a8Q Rc1+ 38. Kg2 1-0

[Event "EU-ch U12 Girls 26th"]
[Site "Prague"]
[Date "2016.08.18"]
[Round "1"]
[White "Sleurs, Juliette"]
[Black "Stepanyan, Eva"]
[Result "0-1"]
[WhiteElo "1479"]
[BlackElo "1780"]
[PlyCount "50"]
[EventDate "2016.08.18"]
[EventType "swiss"]
[EventRounds "9"]
[EventCountry "CZE"]
[SourceTitle "CBM 174 Extra"]
[Source "ChessBase"]
[SourceDate "2016.10.10"]
[SourceVersion "1"]
[SourceVersionDate "2016.10.10"]
[SourceQuality "1"]

1. Nf3 Nf6 2. g3 b6 3. Bg2 Bb7 4. 0-0 e6 5. b3 Be7 6. Bb2 0-0 7. c4 c5 8. d4 d5 9. Ne5 Na6 10. dxc5 Nxc5 11. cxd5 Nxd5 12. Nc3 Nxc3 13. Bxc3 Qc7 14. Bxb7 Qxb7 15. Nc4 Rfd8 16. Qc2 Ne4 17. Rac1 Rac8 18. a4 a6 19. Qb2 b5 20. axb5 axb5 21. Nd2 Ba3 22. Qxa3 Nxc3 23. Rxc3 Rxc3 24. Ra1 Rxd2 25. Qa8+ Qc8 0-1